ANATOMY AND PHYSIOLOGY:THEORY AND PRACTICAL FOR DIPLOMA IN PHARMACY STUDENTS (Record no. 5999)

MARC details
000 -LEADER
fixed length control field 00538nam a22001697a 4500
005 - DATE AND TIME OF LATEST TRANSACTION
control field 20230119110448.0
008 - FIXED-LENGTH DATA ELEMENTS--GENERAL INFORMATION
fixed length control field 190917b xxu||||| |||| 00| 0 eng d
020 ## - INTERNATIONAL STANDARD BOOK NUMBER
ISBN 978-93-87964-94-5
041 ## - LANGUAGE CODE
Language code of text/sound track or separate title eng
100 ## - MAIN ENTRY--AUTHOR NAME
Personal name GARG, KRISHNA . JOSHI, MEDHA AND KUNDU, SUDIPTA
245 ## - TITLE STATEMENT
Title ANATOMY AND PHYSIOLOGY:THEORY AND PRACTICAL FOR DIPLOMA IN PHARMACY STUDENTS
250 ## - EDITION STATEMENT
Edition statement 1st Ed. , 2019
260 ## - PUBLICATION, DISTRIBUTION, ETC. (IMPRINT)
Place of publication NEW DELHI
Name of publisher CBS. PUBLISHERS AND DISTRIBUTORS PVT.LTD
300 ## - PHYSICAL DESCRIPTION
Number of Pages 286p,
650 ## - SUBJECT ADDED ENTRY--TOPICAL TERM
Topical Term PHARMACY
General subdivision D.PHARMA
942 ## - ADDED ENTRY ELEMENTS (KOHA)
Koha item type Books
Holdings
Lost status Damaged status Collection code Home library Current library Shelving location Date acquired Source of acquisition Cost, normal purchase price Accession Number Koha item type
    PHARMACY JRU Library JRU Library Shelf - 23- G 17/09/2019 PURCHESS 325.00 23432 Books
    PHARMACY JRU Library JRU Library Shelf - 23- G 17/09/2019 PURCHESS 325.00 23433 Books
    PHARMACY JRU Library JRU Library Shelf - 23- G 17/09/2019 PURCHESS 325.00 23434 Books
    Reference JRU Library JRU Library Shelf - 23- G 17/09/2019 PURCHESS 325.00 23435 Books